[Event "Heraklion op 28th"]
[Site "Heraklion"]
[Date "2020.01.05"]
[Round "4"]
[White "Kondrashov, Ivan V"]
[Black "Sempekopoulos, Vasileios"]
[Result "0-1"]
[WhiteElo "1507"]
[BlackElo "1357"]
[PlyCount "26"]
[EventDate "2020.01.03"]
[EventType "swiss"]
[EventRounds "9"]
[EventCountry "GRE"]
[SourceTitle "CBM 194 Extra"]
[Source "ChessBase"]
[SourceDate "2020.03.31"]
[SourceVersion "1"]
[SourceVersionDate "2020.03.31"]
[SourceQuality "1"]

1. d4 Nf6 2. c4 g6 3. Nf3 Bg7 4. Bf4 d6 5. Nbd2 0-0 6. h3 c5 7. e3 Qb6 8. Qb3 Bf5 9. Qxb6 axb6 10. g4 Bd7 11. Bg2 Nc6 12. Nb3 Nb4 13. 0-0 Ne4 0-1